000 00309nam a2200109Ia 4500
008 200302s9999 xx 000 0 und d
100 _aLe Corbusier
245 _athe Modulor 2 1955 (Let the user speak next) Continuation of the modulor 1948
260 _bBirkhauser Verlag Gmbh
260 _c2016
300 _a336
999 _c7124
_d7124